Statistics for Derry girls

Click here to take the quiz!

General Stats

  • This quiz has been taken 220 times
  • The average score is 6 of 7

Answer Stats

QuestionAnswer% Correct
why does nobody like james?he's english
99%
which character is a lesbianclaire
98%
Who does James have a crush on?erin
94%
who 'loves their wee fingers'?orla
89%
who ends up working in Dennis' wee shop 1 year latermichelle
83%
who likes 'wee wooden women'?orla
73%
who dressed up as posh spicejames
58%

Score Distribution

Percentile by Number Answered

Percent of People with Each Score

Your Score History

You have not taken this quiz